000 00328nam a22001217a 4500
008 180427b xxu||||| |||| 00| 0 eng d
041 _aeng
080 _a043.3
100 _a0
101 _aMBE-BA
245 _aPolitika Fiskale dhe Ndikimi i saj ne Zhvillimin e Ndermarrjeve te Vogla dhe te Mesme
_cRizani, M
942 _2udc
_cBK
999 _c45637
_d45637